| 000 | 00746nam a2200205Ia 4500 | ||
|---|---|---|---|
| 001 | 15441 | ||
| 003 | GE_BSU | ||
| 008 | 181216s||||||||xx |||||||||||||| ||und|| | ||
| 040 | _cGE_BSU | ||
| 080 | _a821.353.1-1 | ||
| 245 | _aჩანგი. [ქართველ პოეტთა ნაწარმოებების კრებული] | ||
| 245 | _cრედ.ხ.ბერულავა. მხატვ.გ.დიკი | ||
| 260 | _aთბილისი | ||
| 260 | _bნაკადული | ||
| 260 | _c1960 | ||
| 300 | _a188გვ.პორტრ.17სმ. | ||
| 653 | _aქართველ პოეტთა ნაწარმოებების კრებული | ||
| 653 | _aჩანგი. | ||
| 942 | _cBK | ||
| 999 |
_c48544 _d48544 |
||